Bankomatová karta k sporožírovému účtu
Použitie bankomatovej karty k sporožírovému účtu. Visa Electron - medzinárodná platobná karta Slovenskej sporiteľne, a.s. Disponovanie s peniazmi na sporožírovom účte Slovenskej sporiteľne.
Saved in:
| Format: | Book Chapter |
|---|---|
| Language: | Slovak |
| Subjects: | |
| Tags: |
No Tags, Be the first to tag this record!
|
MARC
| LEADER | 00000naa a2200000 4500 | ||
|---|---|---|---|
| 001 | r027705 | ||
| 005 | 20230925122157.5 | ||
| 041 | 0 | |a slo | |
| 044 | |a SK | ||
| 245 | 1 | 0 | |a Bankomatová karta k sporožírovému účtu |
| 520 | |a Použitie bankomatovej karty k sporožírovému účtu. Visa Electron - medzinárodná platobná karta Slovenskej sporiteľne, a.s. Disponovanie s peniazmi na sporožírovom účte Slovenskej sporiteľne. | ||
| 610 | 2 | 0 | |a bankovníctvo |
| 610 | 2 | 0 | |a Slovenská sporiteľňa, a.s. Bratislava |
| 610 | 2 | 0 | |a karty platobné |
| 610 | 2 | 0 | |a Visa Electron |